000
00296nam a22001337a 4500
008
170508b xxu||||| |||| 00| 0 eng d
020
_a
9780735508002
041
_a
eng
080
_a
34
100
_a
15
101
_a
SHJ
245
_a
FEDERAL RULES OF EVIDENCE
_c
MUELLER, C.B
942
_2
udc
_c
BK
999
_c
12993
_d
12993